| 000 | 00908nac a22002771u 4500 | ||
|---|---|---|---|
| 003 | EG-ScBUE | ||
| 005 | 20211115112055.0 | ||
| 008 | 200219s2002 le f 000 1 eng d | ||
| 020 | _a9953105391 | ||
| 020 | _a9789953105390 | ||
| 040 |
_aEG-ScBUE _beng _erda _cEG-ScBUE _dEG-ScBUE |
||
| 082 | 0 | 4 |
_a891.733 _bDOS _222 |
| 100 | 1 |
_aDostoyevsky, Fyodor, _d1821-1881, _eauthor. |
|
| 245 | 1 | 0 |
_aCrime and punishment : _bwith an introduction / _cFyodor Dostoevsky. |
| 264 | 1 |
_aBeirut : _bYork Press, _c2002. |
|
| 300 |
_a402 pages ; _c20 cm. |
||
| 336 |
_2rdacontent _atext _btxt |
||
| 337 |
_2rdamedia _aunmediated _bn |
||
| 338 |
_2rdacarrier _avolume _bnc |
||
| 490 | 0 | _aYork classics | |
| 650 | 7 |
_aMurder _zRussia (Federation) _zSaint Petersburg _vFiction. _2BUEsh |
|
| 651 | 7 |
_aRussia (Federation) _vFiction. _2BUEsh |
|
| 653 |
_bHHUUEENN _cNovember2021 |
||
| 655 |
_vReading book _934232 |
||
| 942 |
_cBB _2ddc |
||
| 999 |
_c246 _d246 |
||